000 01435nam a2200253 i 4500
003 DO-SdBNP
005 20250612152103.0
007 ta
008 231102e2008 rd ac||| |||| 00| 0 spa d
040 _aDO-SdBNP
_bspa
_cBNPHU
_erda
082 4 _222
_bP592p
100 1 _aPichardo Cruz, Daniel Nicanor
_973458
_eautor
_4aut.
245 1 0 _aLectura de la Patria:
_bescolaridad, estudios y viajes de Juan Pablo Duarte, fundador de la República. /
_cDaniel Nicanor Pichardo Cruz
250 _aPrimera edición
264 1 _aSanto Domingo :
_bInstituto Duartiano,
_c2008.
300 _a11 páginas :
_bIlustraciones, retratos ;
_c22 cm.
336 _2rdacontent
_atexto
_btxt
337 _2rdamedia
_asin mediación
_bn
338 _2rdacarrier
_avolumen
_bnc
500 _aEn la contracubierta encontramos foto de Lápida de mármol que se colocó en la Capilla de los inmortales ante la tumba de Duarte.
500 _a"Regreso de Duarte a la Patria Libre" Óleo: El día feliz en la vida de Duarte. (15 de marzo de 1844), por Enrique García Godoy, año 1944, (Pieza museográfica que se encuentra en el Museo Casa Duarte). Duarte regresa de Curazao en la goleta Leonor, que lleva enhiesta en lo alto de su mástil la bandera dominicana, la cual por primera vez surca en el mar.La comanda el Almirante Juan Alejandro Acosta. El piloto fue el experimentado marino Juan Luis Duquela.
590 _aInventariado 2023 / MF
942 _2ddc
_cLF2
999 _c55390
_d55390